Yo puedo leer con los ojos cerrados! / (Record no. 20872)

MARC details
000 -LEADER
fixed length control field 01937nam a2200517Ia 4500
001 - CONTROL NUMBER
control field sjds1540842
003 - CONTROL NUMBER IDENTIFIER
control field sjds
005 - DATE AND TIME OF LATEST TRANSACTION
control field 20180606233606.0
008 - FIXED-LENGTH DATA ELEMENTS--GENERAL INFORMATION
fixed length control field 070316t20072007nyua b 000 1 spa d
020 ## - INTERNATIONAL STANDARD BOOK NUMBER
International Standard Book Number 9781933032245
020 ## - INTERNATIONAL STANDARD BOOK NUMBER
International Standard Book Number 1933032243
020 ## - INTERNATIONAL STANDARD BOOK NUMBER
International Standard Book Number 9781933032245
Terms of availability $8.99
020 ## - INTERNATIONAL STANDARD BOOK NUMBER
International Standard Book Number 1933032243
Terms of availability $8.99
035 ## - SYSTEM CONTROL NUMBER
System control number 1116003
035 ## - SYSTEM CONTROL NUMBER
System control number (OCoLC)144228276
035 ## - SYSTEM CONTROL NUMBER
System control number 1116003
040 ## - CATALOGING SOURCE
Original cataloging agency BTCTA
Transcribing agency BTCTA
Modifying agency BAKER
-- DPL
-- UtOrBLW
041 1# - LANGUAGE CODE
Language code of text/sound track or separate title spa
Language code of original eng
049 ## - LOCAL HOLDINGS (OCLC)
Holding library IFAA
099 ## - LOCAL FREE-TEXT CALL NUMBER (OCLC)
Filing suffix 2007
100 1# - MAIN ENTRY--PERSONAL NAME
Personal name Seuss,
Titles and words associated with a name Dr.,
Relator term author.
240 10 - UNIFORM TITLE
Uniform title <a href="I can read with my eyes shut.">I can read with my eyes shut.</a>
Language of a work Spanish
245 10 - TITLE STATEMENT
Title Yo puedo leer con los ojos cerrados! /
Statement of responsibility, etc. por Dr. Seuss ; traducido por Yanitzia Canetti.
260 ## - PUBLICATION, DISTRIBUTION, ETC. (IMPRINT)
Place of publication, distribution, etc. New York :
Name of publisher, distributor, etc. Lectorum Publications Inc.,
Date of publication, distribution, etc. c2007
264 #1 - PRODUCTION, PUBLICATION, DISTRIBUTION, MANUFACTURE, AND COPYRIGHT NOTICE
Place of production, publication, distribution, manufacture New York :
Name of producer, publisher, distributor, manufacturer Lectorum Publications Inc.,
Date of production, publication, distribution, manufacture, or copyright notice [2007]
264 #4 - PRODUCTION, PUBLICATION, DISTRIBUTION, MANUFACTURE, AND COPYRIGHT NOTICE
Date of production, publication, distribution, manufacture, or copyright notice c2007
300 ## - PHYSICAL DESCRIPTION
Extent 1 volume (unpaged) :
Other physical details color illustrations ;
Dimensions 24 cm
336 ## - CONTENT TYPE
Content type term text
Content type code txt
Source rdacontent
337 ## - MEDIA TYPE
Media type term unmediated
Media type code n
Source rdamedia
338 ## - CARRIER TYPE
Carrier type term volume
Carrier type code nc
Source rdacarrier
500 ## - GENERAL NOTE
General note Título original: I can read with my eyes shut.
520 ## - SUMMARY, ETC.
Summary, etc. El Gato Ensombrerado le muestra a un gato joven todas las maneras divertidas de leer.
520 ## - SUMMARY, ETC.
Summary, etc. The Cat in the Hat takes Young Cat in tow to show him the fun he can get out of reading.
526 0# - STUDY PROGRAM INFORMATION NOTE
Program name Accelerated Reader
Interest level LG
Reading level 2.6
Title point value 0.5
Public note 9029SP
546 ## - LANGUAGE NOTE
Language note Text in Spanish.
650 #0 - SUBJECT ADDED ENTRY--TOPICAL TERM
Topical term or geographic name as entry element Cat in the Hat (Fictitious character)
Form subdivision Juvenile fiction.
650 #0 - SUBJECT ADDED ENTRY--TOPICAL TERM
Topical term or geographic name as entry element Reading
Form subdivision Juvenile fiction.
650 #0 - SUBJECT ADDED ENTRY--TOPICAL TERM
Topical term or geographic name as entry element Stories in rhyme
Form subdivision Juvenile literature.
650 #0 - SUBJECT ADDED ENTRY--TOPICAL TERM
Topical term or geographic name as entry element Humorous stories
Form subdivision Juvenile literature.
650 #7 - SUBJECT ADDED ENTRY--TOPICAL TERM
Topical term or geographic name as entry element Gato Ensombrerado (Personaje literario)
Form subdivision Novela juvenil.
Source of heading or term local
650 #7 - SUBJECT ADDED ENTRY--TOPICAL TERM
Topical term or geographic name as entry element Lectura
Form subdivision Novela juvenil.
Source of heading or term bidex
650 #7 - SUBJECT ADDED ENTRY--TOPICAL TERM
Topical term or geographic name as entry element Cuentos en rima
Form subdivision Literatura juvenil.
Source of heading or term bidex
650 #7 - SUBJECT ADDED ENTRY--TOPICAL TERM
Topical term or geographic name as entry element Cuentos humorosos
Form subdivision Literatura juvenil.
Source of heading or term bidex
700 1# - ADDED ENTRY--PERSONAL NAME
Personal name Canetti, Yanitzia,
Dates associated with a name 1967-
942 ## - ADDED ENTRY ELEMENTS (KOHA)
Koha item type Libro/Book
Source of classification or shelving scheme Dewey Decimal Classification
Holdings
Withdrawn status Lost status Damaged status Not for loan Home library Current library Date acquired Total Checkouts Total Renewals Barcode Checked out Date last seen Date checked out Price effective from Koha item type
        La Puerta Biblioteca -- Satellite La Puerta Biblioteca -- Satellite 09/04/2018 18 2 40301522 23/05/2018 07/04/2025 07/04/2025 09/04/2018 Libro/Book
        San Juan Del Sur -- Mobile Miravalle 17/01/2015 5 2 33001157 16/05/2024 11/04/2024 11/04/2024 17/01/2015 Libro/Book

Powered by Koha